header

Intimacy : (Record no. 140443)

MARC details
000 -LEADER
fixed length control field 01651nam a2200397 i 4500
001 - CONTROL NUMBER
control field ebr10800606
003 - CONTROL NUMBER IDENTIFIER
control field CaPaEBR
006 - FIXED-LENGTH DATA ELEMENTS--ADDITIONAL MATERIAL CHARACTERISTICS--GENERAL INFORMATION
fixed length control field m o d
007 - PHYSICAL DESCRIPTION FIXED FIELD--GENERAL INFORMATION
fixed length control field cr cn|||||||||
008 - FIXED-LENGTH DATA ELEMENTS--GENERAL INFORMATION
fixed length control field 130913t20132013cou ob 001 0 eng|d
020 ## - INTERNATIONAL STANDARD BOOK NUMBER
Cancelled/invalid ISBN 9781885635334 (paperback : alk. paper)
International Standard Book Number 9781885635341 (e-book)
040 ## - CATALOGING SOURCE
Original cataloging agency CaPaEBR
Language of cataloging eng
Description conventions rda
-- pn
Transcribing agency CaPaEBR
035 ## - SYSTEM CONTROL NUMBER
System control number (OCoLC)866809514
050 14 - LIBRARY OF CONGRESS CALL NUMBER
Classification number PS3609.M37
Item number A6 2013eb
082 04 - DEWEY DECIMAL CLASSIFICATION NUMBER
Classification number 811/.6
Edition number 23
100 1# - MAIN ENTRY--PERSONAL NAME
Personal name Imbriglio, Catherine.
240 10 - UNIFORM TITLE
Uniform title <a href="Poems.">Poems.</a>
Form subheading Selections
245 10 - TITLE STATEMENT
Title Intimacy :
Remainder of title Poems /
Statement of responsibility, etc Catherine Imbriglio.
264 #1 - PRODUCTION, PUBLICATION, DISTRIBUTION, MANUFACTURE, AND COPYRIGHT NOTICE
Place of production, publication, distribution, manufacture Colorado State University :
Name of producer, publisher, distributor, manufacturer Center for Literary Publishing,
Date of production, publication, distribution, manufacture, or copyright notice [2013]
Date of production, publication, distribution, manufacture, or copyright notice �2013
300 ## - PHYSICAL DESCRIPTION
Extent 1 online resource (87 pages).
336 ## - CONTENT TYPE
Content type term text
Source rdacontent
337 ## - MEDIA TYPE
Media type term computer
Source rdamedia
338 ## - CARRIER TYPE
Carrier type term online resource
Source rdacarrier
440 #0 - SERIES STATEMENT/ADDED ENTRY--TITLE
Title Colorado prize for poetry
504 ## - BIBLIOGRAPHY, ETC. NOTE
Bibliography, etc Includes bibliographical references and index.
586 ## - AWARDS NOTE
Awards note 2013 Colorado Prize for Poetry
588 ## - SOURCE OF DESCRIPTION NOTE
Source of description note Description based on print version record.
590 ## - LOCAL NOTE (RLIN)
Local note Electronic reproduction. Palo Alto, Calif. : ebrary, 2013. Available via World Wide Web. Access may be limited to ebrary affiliated libraries.
650 #0 - SUBJECT ADDED ENTRY--TOPICAL TERM
Topical term or geographic name as entry element Poetry.
655 #0 - INDEX TERM--GENRE/FORM
Genre/form data or focus term Electronic books.
776 08 - ADDITIONAL PHYSICAL FORM ENTRY
Display text Print version:
Main entry heading Imbriglio, Catherine.
Title Intimacy : Poems.
Place, publisher, and date of publication Colorado State University : Center for Literary Publishing, [2013]
Physical description 75 pages
Series data for related item Colorado prize for poetry
International Standard Book Number 9781885635334
Record control number (DLC) 2013035740
797 2# - LOCAL ADDED ENTRY--CORPORATE NAME (RLIN)
Corporate name or jurisdiction name as entry element ebrary.
856 40 - ELECTRONIC LOCATION AND ACCESS
Uniform Resource Identifier <a href="http://site.ebrary.com/lib/rucke/Doc?id=10800606">http://site.ebrary.com/lib/rucke/Doc?id=10800606</a>
Public note An electronic book accessible through the World Wide Web; click to view

No items available.

© 2026 Rongo University
Contact us: librarian | system librarian | Rongo university